Normal view
MARC view
Entry Topical Term
001 - CONTROL NUMBER
- control field: 244818
003 - CONTROL NUMBER IDENTIFIER
- control field: OSt
005 - DATE AND TIME OF LATEST TRANSACTION
- control field: 20251107163349.0
008 - FIXED-LENGTH DATA ELEMENTS
- fixed length control field: 251107|| aca||aabn | a|a d
040 ## - CATALOGING SOURCE
- Original cataloging agency: OSt
- Transcribing agency: OSt
150 ## - HEADING--TOPICAL TERM
- Topical term or geographic name entry element: pustakave
670 ## - SOURCE DATA FOUND
- Source citation: Work cat.: (OSt)119848: DIVAKARA (S) ಎಸ್. ದಿವಾಕರ್ 244816, Pustaka odiddakke pustakave sakshi, 2015